| 000 | 00789cam a22002651 4500 | ||
|---|---|---|---|
| 001 | sa 67004258 | ||
| 003 | DLC | ||
| 005 | 20260227112345.0 | ||
| 008 | 820921s1967 ii c b 000 0ceng | ||
| 010 | _asa 67004258 | ||
| 035 | _a(OCoLC)8793934 | ||
| 040 |
_aDLC _cMoU _dOCoLC _dDLC |
||
| 042 | _apremarc | ||
| 050 | 0 | 0 |
_aDS481.N35 _bG78 |
| 082 | _a954.04/0922 | ||
| 100 | 1 |
_aGujrari, Balwant Singh, _d1912- |
|
| 245 | 1 | 0 |
_aPrime ministers of India, _cby B.S. Gujrati. |
| 260 |
_aDelhi, _bMetropolitan Book Co. _c[1967] |
||
| 300 |
_axi, 72 p. _bports. _c23 cm. |
||
| 504 | _aBibliography: p. 65-70. | ||
| 600 | 1 | 0 |
_aNehru, Jawaharlal, _d1889-1964. |
| 600 | 1 | 0 |
_aShastri, Lal Bahadur, _d1904-1966. |
| 600 | 1 | 0 |
_aNanda, Gulzarilal, _d1898-1998. |
| 600 | 1 | 0 |
_aGandhi, Indira, _d1917-1984. |
| 999 |
_c74341 _d74341 |
||